| 000 | 00901nam a2200205 a 4500 | ||
|---|---|---|---|
| 001 | 53094 | ||
| 005 | 20180714043214.0 | ||
| 008 | 140415s2008 xxu 000 0 eng d | ||
| 020 | _a9780596516130 | ||
| 041 | _aeng | ||
| 082 |
_a006.6 _bBRA |
||
| 100 | 1 | _aBRADSKI, GARY | |
| 245 | 1 | 0 | _aLEARNING OPENCV |
| 250 | _a1a ed. | ||
| 260 |
_aESTADOS UNIDOS DE AMERICA : _bOREILLY AND ASSOCIATES, INC., _c2008 |
||
| 300 |
_a599 _c17.8 x 2.8 x 23.3 |
||
| 520 | _aLEARNING OPENCV PUTS YOU IN THE MADDLE OF THE RAPIDLY EXPANDING FIELD OF COMPUTER VISION. WRITTEN BY CREATORS OF THE FREE, OPEN SOURCE OPENCV LIBRARY, THIS BOOK INTRODUCES YOU TO COMPUTER VISION AND DEMOSTRATES HOW YOU CAN QUICKLY BUILD APPLICATIONS THAT ENABLE COMPUTERS TO SEE AND MAKE DESICIONS BASED ON THE DATA RHEY ACQUIRE. | ||
| 650 | 1 | 4 |
_aGRAFICOS POR COMPUTADOR _xIMAGEN DIGITAL |
| 700 | 1 |
_aKAEHLER, ADRIAN _ecoaut. |
|
| 999 |
_c53094 _d53094 |
||